000 00799nam a22002417a 4500
003 OSt
005 20140310183016.0
008 130212t xxu||||| |||| 00| 0 eng d
020 _a9781556439414
050 _aRZ 400
_b.Ap787 2010
245 _aWay of the ancient healer : sacred teachings from the Philippine ancestral traditions
_cVirgil J. Mayor Apostol
260 _aBerkeley, Calif.
_bNorth Atlantic Books
_c2010
300 _a309 p. :
_c25 cm.
_bill. ;
521 _aNUR
562 _e1
650 _a1. Spiritual healing--
_vPhilippines
650 _a 2. Shamanism
_vPhilippines
650 _a 3. Spiritual Therapies
_vPhilippines
650 _a4. Medicine, Traditional
_vPhilippines
650 _a5. Mental healing
_vPhilippines
942 _2lcc
_cBK
_kLOC
999 _c18299
_d18299